000
00252nam a22001217a 4500
041
_a
ENG
100
_a
A.G.Ramakrishnan
245
_a
Biovision 2001
260
_a
Bangalore
_b
ICER
_c
2001
300
_a
276
650
_a
APE ( 02 )
856
_u
APE ( 02 )
999
_c
2828
_d
2828